000 02674nam0a2200433 4500
001 RU\NLR\bibl\977083
005 20260407143027.0
010 _a5-89606-266-4
_9300
021 _aRU
_b2006-38402
_91929
035 _a(nilc)EL/0000069676
035 _a(NLR Aleph) 000965003
090 _a363389
_c363389
100 _a20060616d2006 |||y0rusy50 ca
101 0 _arus
102 _aRU
105 _aa |||||||||
200 1 _aЧеловек на Севере: демография, здоровье, экология
_e[доклад на Первом северном социально-экологическом конгрессе в Сыктывкаре в апреле 2005
_fМ.П. Рощевский, акад. АН СССР (РАН), А.Н. Попов, А.И. Таскаев, к.б.н. и др.]
_gРос. акад. наук. Урал. отд-ние, Коми науч. центр
210 _aСыктывкар
_cИзд-во Коми научного центра УрО РАН
_d2006
215 _a92, [2] с.
_cил.
_d22
300 _aНа обл.: Второй северный социально-экологический конгресс, Сыктывкар 2006
320 _aБиблиогр.: с. 87-92 (34 назв.)
606 1 _aЗдоровье
_yРоссийская Федерация
_yСевер
_92081105
_3RU\NLR\auth\661257067
606 1 _aДемографические процессы
_yРоссийская Федерация
_yСевер
_92438752
_3RU\NLR\auth\661450991
606 1 _aНефтегазоносные районы
_jСъезды, совещания и т.п.
_xЭкология
_yРоссийская Федерация
_yСевер
_92079091
_3RU\NLR\auth\661254963
686 1 _aР121.1(2Р1)
686 1 _aС73(2Р31)74
701 1 _4070
_8rus
_7ca
_aРощевский
_bМ.П.
_f1933-
_gМихаил Павлович
_3RU\NLR\auth\7719227
_92300
701 1 _4070
_8rus
_7ca
_aПопов
_bА.Н.
_cэколог
_f1957-
_gАлександр Николаевич
_3RU\NLR\auth\7742094
_925041
701 1 _4070
_8rus
_7ca
_aТаскаев
_bА. И.
_f1944-2010
_gАнатолий Иванович
_3RU\NLR\auth\7719276
_92348
711 1 2 _aСеверный социально-экологический конгресс
_d1
_f2005
_eСыктывкар
_3RU\NLR\AUTH\8810086291
_9674452
712 0 2 _4570
_aРоссийская академия наук
_bКоми научный центр
_3RU\NLR\AUTH\8811675
_9296015
801 0 _aRU
_bНБР Коми
_c20060616
_grcr
801 1 _aRU
_bНБР Коми
_c20060616
801 2 _aRU
_bNLR
_c20060822
_grcr
942 _cBOOK
980 _aNB
980 _aNBR